[Event "V Open Escacs Xàtiva"]
[Site "Xàtiva, Spain"]
[Date "2019.07.19"]
[Round "7.5"]
[White "Martinez Lopez, Jaume"]
[Black "Pallas I Garrido, Ernest Josep"]
[Result "0-1"]
[WhiteElo "2007"]
[BlackElo "1831"]
[PlyCount "78"]
[EventDate "2019.??.??"]

1. d4 {[%clk 01:30:57]  [%emt 00:00:02]} 1... Nf6 {
[%clk 01:29:31]  [%emt 00:01:29]} 2. Nf3 {[%clk 01:31:17]  [%emt 00:00:09]}
2... g6 {[%clk 01:29:50]  [%emt 00:00:11]} 3. Bg5 {
[%clk 01:31:40]  [%emt 00:00:06]} 3... Bg7 {[%clk 01:30:14]  [%emt 00:00:07]}
4. Nbd2 {[%clk 01:31:51]  [%emt 00:00:17]} 4... O-O {
[%clk 01:29:32]  [%emt 00:01:15]} 5. c3 {[%clk 01:32:16]  [%emt 00:00:05]} 5...
d6 {[%clk 01:27:27]  [%emt 00:02:35]} 6. e4 {[%clk 01:32:40]  [%emt 00:00:06]}
6... Nbd7 {[%clk 01:21:51]  [%emt 00:06:07]} 7. Be2 {
[%clk 01:29:54]  [%emt 00:03:15]} 7... e5 {[%clk 01:20:38]  [%emt 00:01:43]} 8.
dxe5 {[%clk 01:30:07]  [%emt 00:00:17]} 8... dxe5 {
[%clk 01:19:01]  [%emt 00:02:07]} 9. O-O {[%clk 01:30:15]  [%emt 00:00:22]}
9... h6 {[%clk 01:17:59]  [%emt 00:01:33]} 10. Bh4 {
[%clk 01:30:32]  [%emt 00:00:13]} 10... b6 {[%clk 01:16:25]  [%emt 00:02:04]}
11. Qc2 {[%clk 01:27:45]  [%emt 00:03:17]} 11... Bb7 {
[%clk 01:16:21]  [%emt 00:00:35]} 12. a4 {[%clk 01:27:45]  [%emt 00:00:30]}
12... a6 {[%clk 01:14:19]  [%emt 00:02:32]} 13. b4 {
[%clk 01:24:37]  [%emt 00:03:38]} 13... Qe7 {[%clk 01:11:09]  [%emt 00:03:40]}
14. Rfe1 {[%clk 01:08:32]  [%emt 00:16:32]} 14... Rac8 {
[%clk 01:06:08]  [%emt 00:05:31]} 15. Bf1 {[%clk 01:07:20]  [%emt 00:01:44]}
15... Rfd8 {[%clk 01:03:03]  [%emt 00:03:36]} 16. Nc4 {
[%clk 01:06:47]  [%emt 00:01:02]} 16... g5 {[%clk 00:58:28]  [%emt 00:05:05]}
17. Bg3 {[%clk 01:06:46]  [%emt 00:00:31]} 17... Nh5 {
[%clk 00:58:47]  [%emt 00:00:12]} 18. Ne3 {[%clk 01:04:08]  [%emt 00:03:08]}
18... Nxg3 {[%clk 00:57:25]  [%emt 00:01:51]} 19. hxg3 {
[%clk 01:04:25]  [%emt 00:00:13]} 19... Bf8 {[%clk 00:48:18]  [%emt 00:09:37]}
20. Nd2 {[%clk 01:02:52]  [%emt 00:02:02]} 20... Nf6 {
[%clk 00:38:47]  [%emt 00:10:02]} 21. Rad1 {[%clk 00:54:17]  [%emt 00:09:05]}
21... Ne8 {[%clk 00:29:34]  [%emt 00:09:44]} 22. Bc4 {
[%clk 00:51:58]  [%emt 00:02:48]} 22... Nd6 {[%clk 00:28:16]  [%emt 00:01:49]}
23. Bd5 {[%clk 00:51:35]  [%emt 00:00:53]} 23... c6 {
[%clk 00:28:17]  [%emt 00:00:29]} 24. Bc4 {[%clk 00:48:28]  [%emt 00:03:37]}
24... Rc7 {[%clk 00:25:43]  [%emt 00:03:04]} 25. Bd3 {
[%clk 00:44:02]  [%emt 00:04:56]} 25... Rcd7 {[%clk 00:25:26]  [%emt 00:00:46]}
26. Nb3 {[%clk 00:44:23]  [%emt 00:00:10]} 26... Nc8 {
[%clk 00:18:10]  [%emt 00:07:47]} 27. a5 {[%clk 00:44:21]  [%emt 00:00:32]}
27... c5 {[%clk 00:15:48]  [%emt 00:02:51]} 28. Nd5 {
[%clk 00:30:30]  [%emt 00:14:20]} 28... Bxd5 {[%clk 00:13:34]  [%emt 00:02:45]}
29. exd5 {[%emt 00:01:30]} 29... cxb4 {[%clk 00:09:48]  [%emt 00:03:11]} 30.
Bxa6 {[%clk 00:29:42]  [%emt 00:01:22]} 30... bxa5 {
[%clk 00:09:27]  [%emt 00:00:53]} 31. Nxa5 {[%clk 00:29:56]  [%emt 00:00:16]}
31... Qf6 {[%clk 00:05:12]  [%emt 00:04:45]} 32. Nc6 {
[%clk 00:25:33]  [%emt 00:04:53]} 32... Re8 {[%clk 00:03:41]  [%emt 00:02:00]}
33. Bxc8 {[%clk 00:15:39]  [%emt 00:10:24]} 33... Rxc8 {
[%clk 00:04:03]  [%emt 00:00:08]} 34. Nxe5 {[%clk 00:16:06]  [%emt 00:00:03]}
34... Rdc7 {[%clk 00:02:39]  [%emt 00:01:54]} 35. c4 {
[%clk 00:16:25]  [%emt 00:00:12]} 35... Bd6 {[%clk 00:02:14]  [%emt 00:00:54]}
36. Nc6 {[%clk 00:16:38]  [%emt 00:00:17]} 36... Bc5 {
[%clk 00:02:00]  [%emt 00:00:42]} 37. Re2 {[%clk 00:15:31]  [%emt 00:01:39]}
37... Ra8 {[%clk 00:01:54]  [%emt 00:00:36]} 38. Rde1 {
[%clk 00:13:45]  [%emt 00:02:17]} 38... Ra1 {[%clk 00:01:19]  [%emt 00:01:04]}
39. Ne5 {[%clk 00:08:04]  [%emt 00:06:11]} 39... Bxf2+ {
[%clk 00:01:13]  [%emt 00:00:37]} 0-1

[Event "V Open Escacs Xàtiva"]
[Site "Xàtiva, Spain"]
[Date "2019.07.19"]
[Round "7.6"]
[White "Sancho Ferrer, Juan Vicente"]
[Black "Gomar Juan, Miguel"]
[Result "0-1"]
[WhiteElo "1898"]
[BlackElo "1779"]
[PlyCount "70"]
[EventDate "2019.??.??"]

1. f4 {[%clk 01:30:56]  [%emt 00:00:03]} 1... d5 {
[%clk 01:30:51]  [%emt 00:00:09]} 2. g3 {[%clk 01:31:15]  [%emt 00:00:11]} 2...
Nf6 {[%clk 01:31:10]  [%emt 00:00:11]} 3. d3 {[%clk 01:31:30]  [%emt 00:00:14]}
3... g6 {[%clk 01:30:38]  [%emt 00:01:03]} 4. Bg2 {
[%clk 01:31:39]  [%emt 00:00:20]} 4... Bg7 {[%clk 01:29:53]  [%emt 00:01:15]}
5. Nf3 {[%clk 01:31:49]  [%emt 00:00:20]} 5... c5 {
[%clk 01:29:18]  [%emt 00:01:06]} 6. O-O {[%clk 01:32:02]  [%emt 00:00:17]}
6... Nc6 {[%clk 01:28:39]  [%emt 00:01:09]} 7. c3 {
[%clk 01:32:13]  [%emt 00:00:19]} 7... O-O {[%clk 01:28:42]  [%emt 00:00:26]}
8. Qe1 {[%clk 01:32:34]  [%emt 00:00:08]} 8... Re8 {
[%clk 01:27:30]  [%emt 00:01:42]} 9. e4 {[%clk 01:32:37]  [%emt 00:00:27]} 9...
dxe4 {[%clk 01:27:37]  [%emt 00:00:24]} 10. dxe4 {
[%clk 01:32:44]  [%emt 00:00:23]} 10... e5 {[%clk 01:27:51]  [%emt 00:00:16]}
11. fxe5 {[%clk 01:32:46]  [%emt 00:00:28]} 11... Ng4 {
[%clk 01:27:52]  [%emt 00:00:29]} 12. Bf4 {[%clk 01:31:10]  [%emt 00:02:00]}
12... Qb6 {[%clk 01:27:43]  [%emt 00:00:45]} 13. Qe2 {
[%clk 01:31:11]  [%emt 00:00:29]} 13... Be6 {[%clk 01:26:20]  [%emt 00:01:53]}
14. Ng5 {[%clk 01:30:07]  [%emt 00:01:33]} 14... Ngxe5 {
[%clk 01:24:12]  [%emt 00:02:39]} 15. Nxe6 {[%clk 01:30:19]  [%emt 00:00:19]}
15... Rxe6 {[%clk 01:24:25]  [%emt 00:00:17]} 16. Na3 {
[%clk 01:30:34]  [%emt 00:00:14]} 16... Rd8 {[%clk 01:21:03]  [%emt 00:03:51]}
17. Rad1 {[%clk 01:30:32]  [%emt 00:00:33]} 17... Red6 {
[%clk 01:16:59]  [%emt 00:04:34]} 18. Rxd6 {[%clk 01:30:17]  [%emt 00:00:46]}
18... Rxd6 {[%clk 01:17:12]  [%emt 00:00:16]} 19. Be3 {
[%clk 01:29:57]  [%emt 00:00:50]} 19... Qd8 {[%clk 01:11:35]  [%emt 00:06:07]}
20. h3 {[%clk 01:25:28]  [%emt 00:04:58]} 20... a6 {
[%clk 01:09:30]  [%emt 00:02:37]} 21. Nc4 {[%clk 01:23:54]  [%emt 00:02:04]}
21... Rd3 {[%clk 01:05:54]  [%emt 00:04:05]} 22. Nxe5 {
[%clk 01:23:18]  [%emt 00:01:07]} 22... Nxe5 {[%clk 01:03:14]  [%emt 00:03:09]}
23. Qf2 {[%clk 01:23:06]  [%emt 00:00:42]} 23... b6 {
[%clk 01:01:22]  [%emt 00:02:22]} 24. Bf4 {[%clk 01:21:55]  [%emt 00:01:40]}
24... Qe7 {[%clk 00:55:33]  [%emt 00:06:20]} 25. Qe2 {
[%clk 01:21:35]  [%emt 00:00:50]} 25... c4 {[%clk 00:53:55]  [%emt 00:02:07]}
26. Rf2 {[%clk 01:20:19]  [%emt 00:01:46]} 26... Qc5 {
[%clk 00:49:58]  [%emt 00:04:26]} 27. Kh2 {[%clk 01:20:37]  [%emt 00:00:13]}
27... h6 {[%clk 00:49:16]  [%emt 00:01:14]} 28. Rf1 {
[%clk 01:19:06]  [%emt 00:02:00]} 28... g5 {[%clk 00:48:26]  [%emt 00:01:20]}
29. Bc1 {[%clk 01:19:05]  [%emt 00:00:31]} 29... Ng6 {
[%clk 00:47:19]  [%emt 00:01:36]} 30. Rf3 {[%clk 01:18:12]  [%emt 00:01:24]}
30... Rxf3 {[%clk 00:35:09]  [%emt 00:12:40]} 31. Bxf3 {
[%clk 01:17:49]  [%emt 00:00:52]} 31... Be5 {[%clk 00:35:19]  [%emt 00:00:21]}
32. Kg2 {[%clk 01:17:18]  [%emt 00:01:01]} 32... Bxg3 {
[%clk 00:33:18]  [%emt 00:02:30]} 33. Kxg3 {[%emt 00:00:37]} 33... Qg1+ {
[%emt 00:00:09]} 34. Qg2 {[%clk 01:16:42]  [%emt 00:00:20]} 34... Qxc1 {
[%clk 00:33:26]  [%emt 00:00:22]} 35. Qf2 {[%clk 01:16:53]  [%emt 00:00:19]}
35... Qf4+ {[%clk 00:33:34]  [%emt 00:00:23]} 0-1

[Event "V Open Escacs Xàtiva"]
[Site "Xàtiva, Spain"]
[Date "2019.07.19"]
[Round "7.7"]
[White "Lluch Ventura, Enrique"]
[Black "Soriano Folch, Jonathan"]
[Result "1-0"]
[WhiteElo "1726"]
[BlackElo "1874"]
[PlyCount "147"]
[EventDate "2019.??.??"]

1. d4 {[%clk 01:30:57]  [%emt 00:00:03]} 1... g6 {
[%clk 01:30:48]  [%emt 00:00:10]} 2. Bf4 {[%clk 01:31:19]  [%emt 00:00:10]}
2... d6 {[%clk 01:31:13]  [%emt 00:00:11]} 3. Nf3 {
[%clk 01:31:39]  [%emt 00:00:05]} 3... Bg7 {[%clk 01:31:33]  [%emt 00:00:12]}
4. e3 {[%clk 01:32:02]  [%emt 00:00:07]} 4... Nf6 {
[%clk 01:30:11]  [%emt 00:02:06]} 5. Be2 {[%clk 01:31:45]  [%emt 00:00:27]}
5... O-O {[%clk 01:28:43]  [%emt 00:02:06]} 6. h3 {
[%clk 01:32:03]  [%emt 00:00:08]} 6... c5 {[%clk 01:28:43]  [%emt 00:00:27]} 7.
c3 {[%clk 01:32:19]  [%emt 00:00:19]} 7... Qb6 {
[%clk 01:23:54]  [%emt 00:05:14]} 8. Qb3 {[%clk 01:31:34]  [%emt 00:01:14]}
8... Qxb3 {[%clk 01:22:14]  [%emt 00:02:10]} 9. axb3 {
[%clk 01:32:01]  [%emt 00:00:08]} 9... Nc6 {[%clk 01:15:53]  [%emt 00:06:54]}
10. O-O {[%clk 01:27:34]  [%emt 00:04:49]} 10... Bf5 {
[%clk 01:05:51]  [%emt 00:10:32]} 11. Nbd2 {[%clk 01:21:12]  [%emt 00:06:59]}
11... Ne4 {[%clk 01:00:23]  [%emt 00:05:58]} 12. Nxe4 {
[%clk 01:12:16]  [%emt 00:09:21]} 12... Bxe4 {[%clk 01:00:48]  [%emt 00:00:07]}
13. Nd2 {[%clk 01:08:27]  [%emt 00:04:15]} 13... Bf5 {
[%clk 01:00:29]  [%emt 00:00:50]} 14. Bh2 {[%clk 01:01:56]  [%emt 00:07:01]}
14... e5 {[%clk 00:53:51]  [%emt 00:07:07]} 15. d5 {[%emt 00:07:53]} 15... Ne7
16. e4 {[%clk 00:56:33]} 16... Bd7 {[%clk 00:52:10]  [%emt 00:01:22]} 17. Nc4 {
[%clk 00:52:23]  [%emt 00:04:28]} 17... Bb5 {[%clk 00:50:37]  [%emt 00:02:02]}
18. Rfe1 {[%clk 00:51:40]  [%emt 00:01:14]} 18... Bxc4 {
[%clk 00:50:21]  [%emt 00:00:52]} 19. bxc4 {[%clk 00:48:27]  [%emt 00:03:39]}
19... g5 {[%clk 00:48:26]  [%emt 00:02:52]} 20. b4 {
[%clk 00:41:15]  [%emt 00:07:13]} 20... b6 {[%clk 00:47:04]  [%emt 00:01:52]}
21. Ra6 {[%clk 00:39:40]  [%emt 00:02:04]} 21... f5 {
[%clk 00:39:04]  [%emt 00:08:36]} 22. exf5 {[%clk 00:33:01]  [%emt 00:07:04]}
22... Nxf5 {[%clk 00:38:22]  [%emt 00:01:10]} 23. bxc5 {
[%clk 00:28:10]  [%emt 00:05:22]} 23... dxc5 {[%clk 00:35:33]  [%emt 00:03:53]}
24. Bg4 {[%clk 00:20:18]  [%emt 00:07:48]} 24... Nd6 {
[%clk 00:34:33]  [%emt 00:01:30]} 25. Bxe5 {[%clk 00:19:10]  [%emt 00:01:37]}
25... Bxe5 {[%clk 00:32:59]  [%emt 00:02:28]} 26. Rxe5 {
[%clk 00:19:14]  [%emt 00:00:07]} 26... Nxc4 {[%clk 00:32:44]  [%emt 00:01:02]}
27. Rxg5+ {[%clk 00:17:32]  [%emt 00:01:58]} 27... Kh8 {
[%clk 00:32:31]  [%emt 00:00:53]} 28. Ra4 {[%clk 00:16:09]  [%emt 00:02:00]}
28... b5 {[%clk 00:30:21]  [%emt 00:02:15]} 29. Ra6 {
[%clk 00:15:30]  [%emt 00:01:10]} 29... Nb6 {[%clk 00:25:00]  [%emt 00:05:56]}
30. d6 {[%clk 00:14:39]  [%emt 00:01:15]} 30... Rfd8 {
[%clk 00:22:22]  [%emt 00:03:11]} 31. Rxc5 {[%clk 00:13:43]  [%emt 00:01:26]}
31... Rxd6 {[%clk 00:22:03]  [%emt 00:00:45]} 32. Rxb5 {
[%clk 00:13:26]  [%emt 00:00:47]} 32... Nc4 {[%clk 00:20:10]  [%emt 00:02:27]}
33. Rxd6 {[%clk 00:12:17]  [%emt 00:01:34]} 33... Nxd6 {
[%clk 00:20:31]  [%emt 00:00:09]} 34. Ra5 {[%clk 00:11:08]  [%emt 00:01:40]}
34... Nc4 {[%clk 00:18:24]  [%emt 00:02:37]} 35. Ra6 {
[%clk 00:10:15]  [%emt 00:01:23]} 35... Nd2 {[%clk 00:16:32]  [%emt 00:02:21]}
36. Ra2 {[%clk 00:08:13]  [%emt 00:02:31]} 36... Ne4 {
[%clk 00:12:13]  [%emt 00:04:51]} 37. c4 {[%clk 00:08:06]  [%emt 00:00:37]}
37... Nc5 {[%clk 00:11:47]  [%emt 00:00:56]} 38. Ra5 {
[%clk 00:06:34]  [%emt 00:02:00]} 38... Nb3 {[%clk 00:11:59]  [%emt 00:00:18]}
39. Rb5 {[%clk 00:05:53]  [%emt 00:01:12]} 39... Nd2 {
[%clk 00:09:02]  [%emt 00:03:33]} 40. c5 {[%clk 00:05:06]  [%emt 00:01:11]}
40... Re8 {[%clk 00:08:37]  [%emt 00:00:55]} 41. g3 {
[%clk 00:01:45]  [%emt 00:03:56]} 41... Re1+ {[%clk 00:07:51]  [%emt 00:01:11]}
42. Kg2 {[%clk 00:01:55]  [%emt 00:00:20]} 42... Rc1 {
[%clk 00:08:02]  [%emt 00:00:21]} 43. Rb2 {[%clk 00:01:30]  [%emt 00:00:53]}
43... Ne4 {[%clk 00:07:37]  [%emt 00:00:57]} 44. c6 {
[%clk 00:01:32]  [%emt 00:00:26]} 44... Rxc6 {[%clk 00:07:16]  [%emt 00:00:51]}
45. Bf3 {[%clk 00:01:46]  [%emt 00:00:16]} 45... Rc4 {
[%clk 00:07:20]  [%emt 00:00:42]} 46. Bxe4 {[%clk 00:01:16]  [%emt 00:00:44]}
46... Rxe4 {[%clk 00:07:43]  [%emt 00:00:19]} 47. Rb8+ {
[%clk 00:01:38]  [%emt 00:00:03]} 47... Kg7 {[%clk 00:08:10]} 48. Rb7+ {
[%clk 00:02:03]  [%emt 00:00:04]} 48... Kg6 {[%clk 00:07:59]  [%emt 00:00:39]}
49. Rxa7 {[%clk 00:02:31]  [%emt 00:00:20]} 49... Rb4 {
[%clk 00:08:10]  [%emt 00:00:03]} 50. Ra5 {[%clk 00:02:43]  [%emt 00:00:15]}
50... Rb3 {[%clk 00:08:20]  [%emt 00:00:20]} 51. g4 {
[%clk 00:02:25]  [%emt 00:00:48]} 51... Rc3 {[%clk 00:07:46]  [%emt 00:01:04]}
52. h4 {[%clk 00:01:59]  [%emt 00:00:55]} 52... Kf6 {
[%clk 00:06:11]  [%emt 00:02:08]} 53. g5+ {[%clk 00:01:20]  [%emt 00:01:22]}
53... Kg6 {[%clk 00:06:15]  [%emt 00:00:11]} 54. Ra6+ {
[%clk 00:01:15]  [%emt 00:00:37]} 54... Kg7 {[%clk 00:05:30]  [%emt 00:01:12]}
55. f3 {[%clk 00:01:10]  [%emt 00:00:37]} 55... Rc2+ {
[%clk 00:05:44]  [%emt 00:00:15]} 56. Kg3 {[%clk 00:01:11]  [%emt 00:00:33]}
56... Rc1 {[%clk 00:06:09]  [%emt 00:00:03]} 57. Ra4 {
[%clk 00:00:59]  [%emt 00:00:43]} 57... Rg1+ {[%clk 00:05:54]  [%emt 00:00:46]}
58. Kf2 {[%clk 00:01:05]  [%emt 00:00:20]} 58... Rh1 {
[%clk 00:05:41]  [%emt 00:00:46]} 59. Kg2 {[%clk 00:01:00]  [%emt 00:00:32]}
59... Rc1 {[%clk 00:05:54]  [%emt 00:00:37]} 60. h5 {
[%clk 00:01:04]  [%emt 00:00:08]} 60... Rc5 {[%clk 00:02:34]  [%emt 00:03:49]}
61. f4 {[%clk 00:00:38]  [%emt 00:00:54]} 61... Rc3 {
[%clk 00:03:00]  [%emt 00:00:33]} 62. Re4 {[%clk 00:00:45]  [%emt 00:00:04]}
62... Kf7 {[%clk 00:03:12]  [%emt 00:00:12]} 63. Re2 {
[%clk 00:00:45]  [%emt 00:00:30]} 63... Rd3 {[%clk 00:03:21]  [%emt 00:00:16]}
64. Rf2 {[%clk 00:00:55]  [%emt 00:00:21]} 64... Rb3 {
[%clk 00:01:55]  [%emt 00:02:01]} 65. f5 {[%clk 00:00:52]  [%emt 00:00:27]}
65... Rc3 {[%clk 00:01:16]  [%emt 00:01:09]} 66. Rf3 {
[%clk 00:01:04]  [%emt 00:00:19]} 66... Rc2+ {[%clk 00:01:30]  [%emt 00:00:19]}
67. Kg3 {[%clk 00:01:26]  [%emt 00:00:08]} 67... Rc1 {
[%clk 00:01:46]  [%emt 00:00:14]} 68. Kg4 {[%clk 00:01:14]  [%emt 00:00:42]}
68... Rc4+ {[%clk 00:01:44]  [%emt 00:00:32]} 69. Rf4 {
[%clk 00:01:29]  [%emt 00:00:14]} 69... Rc1 {[%clk 00:01:54]  [%emt 00:00:18]}
70. f6 {[%clk 00:00:42]  [%emt 00:01:17]} 70... Rg1+ {
[%clk 00:02:01]  [%emt 00:00:23]} 71. Kf5 {[%clk 00:00:59]  [%emt 00:00:38]}
71... Rh1 {[%clk 00:01:53]  [%emt 00:00:13]} 72. g6+ {
[%clk 00:00:59]  [%emt 00:00:33]} 72... hxg6+ {[%clk 00:02:12]  [%emt 00:00:08]
} 73. hxg6+ {[%clk 00:01:26]  [%emt 00:00:22]} 73... Kf8 {
[%clk 00:02:29]  [%emt 00:00:09]} 74. Re4 {[%clk 00:00:58]  [%emt 00:00:43]}
1-0

[Event "V Open Escacs Xàtiva"]
[Site "Xàtiva, Spain"]
[Date "2019.07.19"]
[Round "7.8"]
[White "Ponce Valero, Juan Antonio"]
[Black "Castro Santimoteo, Raul"]
[Result "0-1"]
[WhiteElo "1949"]
[BlackElo "1947"]
[PlyCount "98"]
[EventDate "2019.??.??"]

1. e4 {[%clk 01:30:58]  [%emt 00:00:11]} 1... e6 {[%clk 01:30:53]} 2. d4 {
[%clk 01:31:24]  [%emt 00:00:30]} 2... d5 {[%clk 01:31:13]  [%emt 00:00:09]} 3.
Nd2 {[%clk 01:31:48]} 3... dxe4 {[%clk 01:31:26]} 4. Nxe4 {
[%clk 01:32:15]  [%emt 00:00:03]} 4... Bd7 {[%clk 01:31:40]  [%emt 00:00:13]}
5. Nf3 {[%clk 01:31:14]  [%emt 00:01:33]} 5... Bc6 {
[%clk 01:32:00]  [%emt 00:00:20]} 6. Bd3 {[%clk 01:31:33]  [%emt 00:00:05]}
6... Nd7 {[%clk 01:32:16]  [%emt 00:00:08]} 7. O-O {
[%clk 01:30:51]  [%emt 00:01:20]} 7... Ngf6 {[%clk 01:32:33]  [%emt 00:00:04]}
8. Ng3 {[%clk 01:30:37]  [%emt 00:00:44]} 8... Be7 {
[%clk 01:32:30]  [%emt 00:00:41]} 9. Re1 {[%clk 01:30:14]  [%emt 00:00:45]}
9... Bxf3 {[%clk 01:32:11]  [%emt 00:00:47]} 10. Qxf3 {
[%clk 01:29:27]  [%emt 00:01:21]} 10... c6 {[%clk 01:32:32]  [%emt 00:00:10]}
11. b3 {[%clk 01:25:05]  [%emt 00:04:49]} 11... Qa5 {
[%clk 01:30:32]  [%emt 00:02:32]} 12. Bb2 {[%clk 01:23:30]  [%emt 00:02:03]}
12... O-O {[%clk 01:28:17]  [%emt 00:02:50]} 13. c4 {
[%clk 01:21:16]  [%emt 00:02:39]} 13... Ba3 {[%clk 01:28:23]  [%emt 00:00:26]}
14. Bxa3 {[%clk 01:14:04]  [%emt 00:07:42]} 14... Qxa3 {
[%clk 01:28:40]  [%emt 00:00:13]} 15. Re2 {[%clk 01:13:29]  [%emt 00:01:04]}
15... Rfd8 {[%clk 01:26:26]  [%emt 00:02:40]} 16. Qf4 {
[%clk 01:05:20]  [%emt 00:08:40]} 16... Nf8 {[%clk 01:25:35]  [%emt 00:01:37]}
17. Ne4 {[%clk 00:59:03]  [%emt 00:06:33]} 17... Nxe4 {
[%clk 01:24:44]  [%emt 00:01:35]} 18. Qxe4 {[%clk 00:54:40]  [%emt 00:04:38]}
18... Rd7 {[%clk 01:24:41]  [%emt 00:00:53]} 19. Rd2 {
[%clk 00:47:22]  [%emt 00:07:31]} 19... Rad8 {[%clk 01:24:29]  [%emt 00:00:38]}
20. Be2 {[%clk 00:45:48]  [%emt 00:02:04]} 20... Qa5 {
[%clk 01:16:28]  [%emt 00:08:32]} 21. Rad1 {[%clk 00:43:54]  [%emt 00:02:24]}
21... Ng6 {[%clk 01:13:08]  [%emt 00:04:04]} 22. g3 {
[%clk 00:42:36]  [%emt 00:01:34]} 22... Ne7 {[%clk 01:12:34]  [%emt 00:01:04]}
23. Bf3 {[%clk 00:38:51]  [%emt 00:04:26]} 23... g6 {
[%clk 01:09:43]  [%emt 00:03:33]} 24. h4 {[%clk 00:32:01]  [%emt 00:06:56]}
24... b5 {[%clk 01:09:47]  [%emt 00:00:47]} 25. Qe5 {
[%clk 00:29:53]  [%emt 00:02:16]} 25... h5 {[%clk 01:06:42]  [%emt 00:04:07]}
26. Qg5 {[%clk 00:24:55]  [%emt 00:05:04]} 26... Kh7 {
[%clk 01:03:33]  [%emt 00:03:31]} 27. Qf6 {[%clk 00:21:25]  [%emt 00:03:59]}
27... Ng8 {[%clk 01:02:22]  [%emt 00:01:41]} 28. Qe5 {
[%clk 00:21:16]  [%emt 00:00:40]} 28... Qb6 {[%clk 01:00:11]  [%emt 00:02:45]}
29. g4 {[%clk 00:20:46]  [%emt 00:01:05]} 29... hxg4 {
[%clk 00:59:43]  [%emt 00:00:48]} 30. Bxg4 {[%clk 00:21:15]  [%emt 00:00:10]}
30... Nh6 {[%clk 00:59:19]  [%emt 00:00:45]} 31. Bh3 {
[%clk 00:19:00]  [%emt 00:02:47]} 31... Nf5 {[%clk 00:55:19]  [%emt 00:04:28]}
32. Bxf5 {[%clk 00:16:30]  [%emt 00:03:00]} 32... gxf5 {
[%clk 00:55:12]  [%emt 00:00:37]} 33. Rd3 {[%clk 00:14:22]  [%emt 00:02:52]}
33... Rg8+ {[%clk 00:55:08]  [%emt 00:00:25]} 34. Rg3 {
[%clk 00:14:29]  [%emt 00:00:18]} 34... Rxg3+ {[%clk 00:55:32]  [%emt 00:00:21]
} 35. fxg3 {[%clk 00:14:04]  [%emt 00:00:56]} 35... bxc4 {
[%clk 00:55:34]  [%emt 00:00:14]} 36. bxc4 {[%clk 00:14:33]  [%emt 00:00:04]}
36... Qb2 {[%clk 00:55:15]  [%emt 00:01:21]} 37. g4 {
[%clk 00:11:49]  [%emt 00:02:37]} 37... Qc2 {[%clk 00:55:09]  [%emt 00:00:42]}
38. Rf1 {[%clk 00:07:34]  [%emt 00:04:40]} 38... Qxc4 {
[%clk 00:54:12]  [%emt 00:01:44]} 39. Rf4 {[%clk 00:06:15]  [%emt 00:01:38]}
39... Rb7 {[%clk 00:51:16]  [%emt 00:03:19]} 40. gxf5 {
[%clk 00:06:20]  [%emt 00:00:25]} 40... Rb1+ {[%clk 00:50:53]  [%emt 00:00:52]}
41. Kg2 {[%clk 00:05:36]  [%emt 00:01:15]} 41... Qc1 {
[%clk 00:46:16]  [%emt 00:05:06]} 42. fxe6 {[%clk 00:01:42]  [%emt 00:04:24]}
42... Qh1+ {[%clk 00:41:41]  [%emt 00:05:05]} 43. Kf2 {
[%clk 00:01:49]  [%emt 00:00:35]} 43... Qh2+ {[%clk 00:35:08]  [%emt 00:06:54]}
44. Ke3 {[%clk 00:01:58]  [%emt 00:00:21]} 44... Re1+ {
[%clk 00:34:15]  [%emt 00:01:46]} 45. Kf3 {[%clk 00:01:28]  [%emt 00:00:34]}
45... Rxe5 {[%clk 00:29:49]  [%emt 00:04:56]} 46. dxe5 {
[%clk 00:01:57]  [%emt 00:00:28]} 46... Qh3+ {[%clk 00:29:38]  [%emt 00:00:18]}
47. Ke4 {[%clk 00:02:06]  [%emt 00:00:18]} 47... Qxe6 {
[%clk 00:29:43]  [%emt 00:00:26]} 48. a4 {[%clk 00:01:10]  [%emt 00:01:26]}
48... Qd5+ {[%clk 00:30:02]  [%emt 00:00:32]} 49. Kf5 {
[%clk 00:01:31]  [%emt 00:00:07]} 49... c5 {[%clk 00:30:11]  [%emt 00:00:08]}
0-1